000 01870nam0a2200349 4500
001 RU\NLR\bibl\1393925
005 20260405174533.0
010 _a978-5-9948-0089-8
_9150
021 _aRU
_b2009-39740
_92415
035 _a(NLR Aleph) 001385954
090 _a1131660
_c1131660
100 _a20131026d2008 |||y0rusy50 ca
101 0 _arus
102 _aRU
105 _aa |||||||||
200 1 _aОсновы эконометрики
_eучебное пособие
_eдля студентов высших учебных заведений по направлению "Экономика" и экономическим специальностям
_fИ.Э. Симонова, В.Ф. Казак, Б.В. Симонов
_gФедер. агентство по образованию, Гос. образоват. учреждение высш. проф. образования Волгогр. гос. техн. ун-т, Камышин. технол. ин-т (фил.)
210 _aВолгоград
_cВолгГТУ
_d2008
215 _a79 с.
_cил.
_d21
320 _aБиблиогр.: с. 72 (11 назв.)
606 1 _aЭконометрика
_jУчебные издания для высших учебных заведений
_91532349
_3RU\NLR\auth\66667382
686 _aУ.в611я73
700 1 _4070
_8rus
_7ca
_aСимонова
_bИ. Э.
_cканд. физ.-мат. наук
_gИрина Эдуардовна
_3RU\NLR\auth\7775761
_958689
701 1 _4070
_7ca
_8rus
_aКазак
_bВ. Ф.
_gВячеслав Фёдорович
_9187207
_3RU\NLR\AUTH\770187258
701 1 _4070
_aСимонов
_bБ. В.
_gБорис Витальевич
_9127323
_3RU\NLR\AUTH\770127347
801 0 _aRU
_bNLR
_c20090721
_gRCR
801 1 _aRU
_bNLR
_c20090721
830 _aавт. по кн.
942 _cBOOK
980 _aNB
980 _aNBR